000 00635cam a2200229 4500
001 J62367
008 000000n2000 000 0 eng u
035 _a(Sirsi) u108743
041 _aeng
050 _a333.337
110 _aInsignia Richard Ellis
_93847
245 _aProperty investment outlook: Spring 2000
260 _aLondon
_bInsignia Richard Ellis
_c2000
650 _aRETAIL PROPERTY
650 _aINDUSTRIAL PROPERTY
650 _aECONOMY
650 _aPROPERTY INVESTMENT
650 _aRENTAL GROWTH
650 _aINVESTMENT
690 _aPROPERTY-COMMERCIAL PROPERTY-COMMERCIAL PROPERTY MARKET
942 _n0
999 _c100850
_d100850